Logo BPK

Biblioteka

Politechniki Koszalińskiej

Muzeum Narodowe w Krakowie / (Rekord nr 56116)

Szczegóły MARC
000 -ETYKIETA REKORDU
podpole kontrolne o stałej długości 00743nam a2200241 i 4500
001 - NUMER KONTROLNY REKORDU
pole kontrolne bg
020 ## - MIĘDZYNARODOWY ZNORMALIZOWANY NUMER KSIĄŻKI - ISBN
ISBN 9788360688526
040 ## - ŹRÓDŁO KATALOGOWANIA
Instytucja, która utworzyła rekord BPK
041 ## - KOD JĘZYKA
Kod języka tekstu pol
044 ## - KOD KRAJU WYDAWCY/PRODUCENTA
Kod kraju wydawcy/producenta POL
080 ## - UNIWERSALNA KLASYFIKACJA DZIESIĘTNA - UKD
UKD 7:069.5(438)
920 ## - Międzynarodowy znormalizowany numer książki – ISBN
ISBN 978-83-60688-52-6
008 - POLE O STAŁEJ DŁUGOŚCI - DANE KONTROLNE
podpole kontrolne o stałej długości s pl f |000 0 pol
245 00 - TYTUŁ/ODPOWIEDZIALNOŚĆ
Tytuł Muzeum Narodowe w Krakowie /
Pozostałe elementy strefy tytułu i oznaczenia odpowiedzialności [wstęp Zofia Gołubiew ; noty oprac. Beata Biedrońska-Słota et al.].
260 ## - STREFA ADRESU WYDAWNICZEGO
Miejsce wydania Warszawa :
Nazwa wydawcy/dystrybutora Rzeczpospolita,
-- HPS,
Data publikacji, dystrybucji/powstania dokumentu cop. 2007.
300 ## - STREFA OPISU FIZYCZNEGO
Objętość 143 s. :
Inne cechy fizyczne il. kolor. ;
Rozmiary 25 cm.
490 1# - STREFA SERII I DOKUMENTU WIELOCZĘŚCIOWEGO - FORMA NIE DO WYSZUKIWANIA
Tytuł i oznaczenie odpowiedzialności serii Wielkie Muzea : Polska
610 29 - HASŁO PRZEDMIOTOWE W FORMIE NAZWY CIAŁA ZBIOROWEGO
Nazwa ciała zbiorowego lub nazwa geograficzna Muzeum Narodowe (Kraków)
Określnik ogólny zbiory
700 1# - HASŁO DODATKOWE - NAZWA OSOBOWA
Nazwa osobowa Gołubiew, Zofia.
Określenie związku między hasłem a opisywanym materiałem Wstęp
700 1# - HASŁO DODATKOWE - NAZWA OSOBOWA
Nazwa osobowa Biedrońska-Słota, Beata.
Określenie związku między hasłem a opisywanym materiałem Oprac.
830 ## - HASŁO DODATKOWE SERII LUB DOKUMENTU WIELOCZĘŚCIOWEGO - TYTUŁ UJEDNOLICONY
Tytuł ujednolicony Wielkie Muzea : Polska
856 ## - LOKALIZACJA I DOSTĘP DO ELEKTRONICZNYCH DOKUMENTÓW ZDALNYCH
Link (URL) http://koha.tu.koszalin.pl/cgi-bin/koha/opac-detail.pl?biblionumber=56116
Tekst linku Katalog online BPK
942 ## - DODATKOWE ELEMENTY (KOHA)
Typ dokumentu Książka
Egzemplarze
Wycofany Status egzemplarza Uszkodzony Dostępność Lokalizacja stała Lokalizacja bieżąca Miejsce przechowywania Sygnatura Kod kreskowy Dział Typ dokumentu
      Tylko na miejscu Biblioteka Politechniki Koszalińskiej Biblioteka Politechniki Koszalińskiej Czytelnia BG 90589 02476544 0/9(03) Encyklopedie. Leksykony Książka
© 2023 Biblioteka Politechniki Koszalińskiej :: KOHA